000 00858nam a2200217Ia 4500
003 IN-BaIIA
008 211028s9999 xx 000 0 eng d
020 _a3-540-55554-4
040 _cIIA Library
080 _a524.64(082.1)
_bPHY
111 _aInternational Conference Physics of Active Galactic Nuclei
_cHeidelberg
_d1991 June 3-7
_918102
245 0 _aPhysics of active galactic nuclei
_bproceedings of the International conference, Heidelberg, 3-7 June 1991 
_cedited by W. J. Duschl and S. J. Wagner
260 _aBerlin
_bSpringer-Verlag
_c1992
300 _axviii, 716p.
650 _aActive galactic nuclei
_96209
650 _aAstronomy and astrophysics thesaurus
650 _aGalactic nuclei
_93453
700 _aDuschl, W. J., ed.
_917408
700 _aWagner, S. J., ed.
_917409
942 _cBK
999 _c10614
_d10614